Los delitos económicos en la actividad financiera / (Registro nro. 5973)
[ vista simple ]
| 000 -LEADER | |
|---|---|
| fixed length control field | 01036nam a2200229Ia 4500 |
| 003 - CONTROL NUMBER IDENTIFIER | |
| control field | OSt |
| 005 - DATE AND TIME OF LATEST TRANSACTION | |
| control field | 20200804152316.0 |
| 008 - FIXED-LENGTH DATA ELEMENTS--GENERAL INFORMATION | |
| fixed length control field | 191128s1991 ck gr 000 0 spa d |
| 040 ## - CATALOGING SOURCE | |
| Original cataloging agency | CO-JMCR |
| Transcribing agency | CO-JMCR |
| 041 0# - LANGUAGE CODE | |
| Language code of text/sound track or separate title | spa |
| 082 04 - DEWEY DECIMAL CLASSIFICATION NUMBER | |
| Classification number | 364.168 / |
| Item number | H275d |
| Edition number | 23 |
| 100 1# - MAIN ENTRY--PERSONAL NAME | |
| Personal name | Hernández Quintero, Hernando A., |
| Relator term | autor |
| 9 (RLIN) | 8376 |
| 245 13 - TITLE STATEMENT | |
| Title | Los delitos económicos en la actividad financiera / |
| Statement of responsibility, etc. | Hernando A, Hernández Quintero, |
| 260 ## - PUBLICATION, DISTRIBUTION, ETC. | |
| Place of publication, distribution, etc. | Bogotá : |
| Name of publisher, distributor, etc. | Imprenta Nacional de Colombia, |
| Date of publication, distribution, etc. | 1991. |
| 300 ## - PHYSICAL DESCRIPTION | |
| Extent | 167 páginas ; |
| Dimensions | 17 cm. |
| 490 0# - SERIES STATEMENT | |
| Series statement | Colección monográfica : Ricardo Medina Moyano |
| 504 ## - BIBLIOGRAPHY, ETC. NOTE | |
| Bibliography, etc. note | Bibliografía: páginas 163-167. |
| 505 0# - FORMATTED CONTENTS NOTE | |
| Formatted contents note | La intervención del estado en la economía -- Cómo ejercer la intervención en el sector financiero -- El delito contra el orden economíco o el delito economíco -- Estudio particular de los delitos economícos que afectan la actividad financiera |
| 650 24 - SUBJECT ADDED ENTRY--TOPICAL TERM | |
| Topical term or geographic name entry element | Delitos |
| General subdivision | contra el orden público |
| 9 (RLIN) | 8377 |
| 650 24 - SUBJECT ADDED ENTRY--TOPICAL TERM | |
| Topical term or geographic name entry element | Economía |
| General subdivision | intervención del estado |
| 9 (RLIN) | 8378 |
| 942 ## - ADDED ENTRY ELEMENTS (KOHA) | |
| Source of classification or shelving scheme | Dewey Decimal Classification |
| Koha item type | Books |
| Withdrawn status | Lost status | Source of classification or shelving scheme | Materials specified (bound volume or other part) | Damaged status | Not for loan | Home library | Current library | Shelving location | Date acquired | Source of acquisition | Full call number | Barcode | Date last seen | Copy number | Price effective from | Koha item type |
|---|---|---|---|---|---|---|---|---|---|---|---|---|---|---|---|---|
| Dewey Decimal Classification | Donación--15/04/2018-- | Biblioteca Pública José María del Castillo y Rada | Biblioteca Pública José María del Castillo y Rada | General Stacks | 11/28/2019 | Donación | 364.168 / H275d | 430011309 | 05/16/2024 | Ej.1 | 11/28/2019 | Books |